Представление документа в формате RUSMARC

ПолеНазваниеЗначение
  Тип записи a
  Библиографический уровень m
001 Контрольный номер 4b02ceabebdb4409b3505487d7a72dd9
005 Дата корректировки 20140627100605.9
010 Индекс ISBN __
a ISBN 5-7133-1173-2
200 Заглавие и сведения об ответственности 1_
a Заглавие Международные нормы и гражданское законодательство России
e Сведения, относящиеся к заглавию [монография]
f Первые сведения об ответственности Канашевский, Владимир Александрович
210 Выходные данные 1_
a Место издания М.
c Издательство Междунар.отношения
d Дата издания 2004
215 Физическое описание __
a Объем 265 с.
610 Ключевые слова 0_
a Ключевые слова право
610 Ключевые слова 0_
a Ключевые слова международные нормы
610 Ключевые слова 0_
a Ключевые слова гражданское право РФ
610 Ключевые слова 0_
a Ключевые слова международный обычай
610 Ключевые слова 0_
a Ключевые слова международная правосубъектность
610 Ключевые слова 0_
a Ключевые слова международно-правовая защита
610 Ключевые слова 0_
a Ключевые слова международно-правовой режим
610 Ключевые слова 0_
a Ключевые слова международно-правовые акты
610 Ключевые слова 0_
a Ключевые слова международное гражданское процессуальное право
610 Ключевые слова 0_
a Ключевые слова международное право
610 Ключевые слова 0_
a Ключевые слова международное право договоров
610 Ключевые слова 0_
a Ключевые слова международное частное право
610 Ключевые слова 0_
a Ключевые слова монография
610 Ключевые слова 0_
a Ключевые слова регулирование гражданских отношений
610 Ключевые слова 0_
a Ключевые слова защита прав человека
610 Ключевые слова 0_
a Ключевые слова защита гражданских прав
610 Ключевые слова 0_
a Ключевые слова Европейский суд по правам человека
686 Индексы других классификаций __
a Классификационный индекс 67.623.0
2 Код системы rubbk
686 Индексы других классификаций __
a Классификационный индекс 67.91
2 Код системы rubbk
686 Индексы других классификаций __
a Классификационный индекс 67.93
2 Код системы rubbk
700 Автор _1
a Фамилия Канашевский, Владимир Александрович
801 Источник записи _0
a Страна RU
b Организация РУК
c Дата составления 20040623
g Правила каталогизации PSBO
801 Источник записи _1
a Страна RU
b Организация РУК
c Дата составления 20040623
g Правила каталогизации PSBO
852 Данные о местонахождении __
i Авторский знак К 19
j Шифр хранения ББК 67
901 Тип документа __
t Тип документа m
938 Служебная информация __
a Название организации Головной вуз
b Имя БД BOOK
c Название АИБС АИБС ИРБИС